Statystyki dla Imiona które mi się podobają

Kliknij tutaj aby rozwiązać quiz!

Ogólne statystyki

  • Ten quiz został rozwiązany 97 razy
  • Średni wynik to 4 z 14

Statystyki odpowiedzi

Imiona% Poprawnych
Anna
64%
Maria
60%
Aleksandra
57%
Karolina
49%
Lena
48%
Katarzyna
44%
Hanna
40%
Pola
21%
Grażyna
13%
Dorota
12%
Andżelika
6%
Ela
5%
Janusz
5%
Władysław
1%

Rozkład punktacji

Percentyl według liczby udzielonych odpowiedzi

Procent ludzi z każdym wynikiem

Twoja historia wyników

Nie rozwiązałeś tego quizu